Visualizzazione normale
Vista MARC
- Concato Fabio
di Personal Name
Records bibliografici associati: 1
001 - CONTROL NUMBER
- control field: 19383
003 - CONTROL NUMBER IDENTIFIER
- control field: IT-RoPau
005 - DATE AND TIME OF LATEST TRANSACTION
- control field: 20140408085933.0
008 - FIXED-LENGTH DATA ELEMENTS
- fixed length control field: 140408|| aca||aabn | a|a d
040 ## - CATALOGING SOURCE
- Original cataloging agency: IT-RoPau
- Transcribing agency: IT-RoPau
100 ## - HEADING--PERSONAL NAME
- Personal name: Concato Fabio
- Relator term: Autore testo e musica
- Miscellaneous information: Codice autore testo/musica SPICS: 16468
670 ## - SOURCE DATA FOUND
- Source citation: Work cat.: (IT-RoPau)101396: Concato Fabio 19379, Senza avvisare